Sorda /

Las dificultades de una mujer sorda y su pareja oyente en su misión de criar juntos a su hija pequeña.

Gespeichert in:
Bibliographische Detailangaben
1. Verfasser: Libertad, Eva (realización)
Weitere Verfasser: Libertad, Eva (guión) (guión), Ferrer, Gina (fotógrafo) (fotógrafo), Guirao, Desirée (vestuario) (vestuario), Muñoz, Angélica (vestuario) (vestuario), Velasco, Marta (montaje) (montaje), Calleja, Aránzazu (música) (música), Garlo, Miriam (actuación) (actuación), Cervantes, Alvaro (actuación) (actuación), Irureta, Elena (actuación) (actuación), Muñoz, Nuria (realización) (realización)
Format: Dia
Sprache:Spanisch
Veröffentlicht: España : Distinto Films : Nexus CreaFilms, 2025, c2025
Schlagworte:
Tags: Tag hinzufügen
Keine Tags, Fügen Sie das erste Tag hinzu!

MARC

LEADER 00000ngm^a2200000^a^4500
001 000625690
005 20251216000000.0
009 20260310134020.211
037 |a Acervo ITESO - Biblioteca 
041 |a ESP 
082 |a Es 860.  |b LIB 
100 |a Libertad, Eva  |e (realización) 
245 1 0 |a Sorda /  |c Realización de E. Libertad. 
264 4 |a España :  |b Distinto Films :  |b Nexus CreaFilms,  |c 2025, c2025 
264 2 |a España :  |b A Contracorriente Films [distribución],  |c 2025, c2025 
300 |a 1 DVD multirregión PAL (95, 18, 8 min.) :  |b color 
336 |a imagen móvil bidimensional  |b tdi  |2 rdacontenido 
337 |a video  |b v  |2 rdamedio 
338 |a videodisco  |b vd  |2 rdasoporte 
520 |a Las dificultades de una mujer sorda y su pareja oyente en su misión de criar juntos a su hija pequeña. 
546 |a En español y lenguaje de señas, con subtítulos opcionales: español, inglés 
546 |a Audiodescripción en español, para ciegos y débiles visuales 
649 |a XX 
650 |a Bebés -  |x Cuidado e Higiene 
650 |a Sordos en el Cine 
650 |a Madres en el Cine 
650 |a Mujeres en el Cine 
650 |a Making Of (Documentales detrás de Cámaras) 
650 |a Producción Cinematográfica -  |z España 
650 |a Cortometrajes y Mediometrajes Españoles 
650 |a Dramas Cinematográficos 
650 |a Cine Español -  |y 2020-2029 
650 |a Cine Español -  |y Siglo XXI 
650 |a Discapacidades Físicas 
650 |a Embarazo 
650 |a Maternidad 
650 |a Relaciones Padres-Hijos 
650 |a Relaciones de Pareja 
650 |a Relaciones Familiares 
650 |a Comunicación Personal 
700 |a Libertad, Eva  |e (guión) 
700 |a Ferrer, Gina  |e (fotógrafo) 
700 |a Guirao, Desirée  |e (vestuario) 
700 |a Muñoz, Angélica  |e (vestuario) 
700 |a Velasco, Marta  |e (montaje) 
700 |a Calleja, Aránzazu  |e (música) 
700 |a Garlo, Miriam  |e (actuación) 
700 |a Cervantes, Alvaro  |e (actuación) 
700 |a Irureta, Elena  |e (actuación) 
700 |a Muñoz, Nuria  |e (realización) 
740 0 |a Sorda :  |b [cortometraje] /  |c Realización de E. Libertad, N. Muñoz. 
910 |a Fondo General 
920 |a Audiovisuales - DVDs 
940 |a Películas 
905 |a 308 
901 |a 625690-10  |b IT2  |c DVR  |i C191429  |u 20251216 
902 |a https://opac.biblio.iteso.mx/vufind/Record/000625690